Регионална библиотека "Любен Каравелов" - Русе

Детски болести (Запис номер 189828)

MARC детайли
000 -Лидер
Контролно поле с фиксирана дължина 01382nam a2200337 c 4500
003 - Код на организацията, давaща контролен номер
Контролно поле BLK
005 - Дата и час на последна редакция
Контролно поле 20220701165714.0
008 - Елементи от данни с фиксирана дължина
fixed length control field 180411b bul|||||r ||||||| ||bul||
010 ## - Наследен системен номер
LC control number KNG00198878000
040 ## - Източник на каталожния запис
Идентификатор на билиотеката - собственик на записа BLK
041 ## - Код за език
Код за езика на текст/звукозапис или на отделно заглавие Български
Код за езика КДБФ Български
080 ## - УДК
Текстов определител УДК Педиатрия. Детски болести. Вж и 613.22 ; 613.95
УДК код - определител по УДК 616-053.2
УДК определител (075.8)
УДК - код + определител 616-053.2(075.8)
100 1# - Редна дума - Автор
Автор Рачев, Любен
Авторска отговорност първи автор
R(LIN) 376530
139 ## - Редно поле
Редна дума Рачев, Любен и др.
Авторски знак Рач - Р 41
245 10 - Сведения за заглавието
Заглавие Детски болести
Подзаглавни данни Учебник за висшите мед. инст.
Редно поле (дума) Любен Рачев, Иван Вапцаров, Стефан Д. Димитров
257 ## - Страна на издаване
Страна на създаване/издаване България
260 ## - Област на издателските данни
Място на издаване, разпространение и проч. София
Име на издателя, разпространителя и проч. Медицина и физкултура
Година на издаване 1970
300 ## - Физическа характеристика
Страници 591 с.
Илюстрации и др. с ил., 12 л. ил.
Размери/Мащаб 24 см
380 ## - Жанр
Жанр Медицина
500 ## - Общи забележки
Забележка 7 050 тир.
650 #4 - Допълнително описание по предмет – тема
Основно описание – тема или топоним Детски болести - учебници за ВУЗ
9 (RLIN) 271044
653 ## - Ключова дума – ненормативна
Ключова дума детски болести
653 ## - Ключова дума – ненормативна
Ключова дума учебници за ВУЗ
700 1# - Други автори (авторска отговорност)
Лично име Вапцаров, Иван
Автороска отговорност (Описва отношението между автора и произведението) съавт.
9 (RLIN) 372588
700 1# - Други автори (авторска отговорност)
Лично име Димитров, Стефан Д.
Автороска отговорност (Описва отношението между автора и произведението) съавт.
9 (RLIN) 344966
852 ## - Местоположение
Форматна сигнатура Цб 57123
Фондова буква Хранилище
856 4# - Електронен адрес и достъп
Електронен формат pdf - файл
856 4# - Електронен адрес и достъп
Електронен формат pdf - файл
999 ## - СИСТЕМНИ КОНТРОЛНИ НОМЕРА
Koha biblionumber 189828
Koha biblioitemnumber 189828
942 ## - АРТИКУЛИ
Вид на библиотечния материал Книги
Скрит в OPAC Не
Koha issues (borrowed), all copies 1
Периодичен библиозапис Да
944 ## - СЪЗДАВАНЕ И РЕДАКЦИЯ на ЗАПИСА
Създаване/Редакция Създаване
Дата на регистрацията/редакция 04.01.2017
Служител, извършил регистрацията/редакцията Радостина_Карадакова
944 ## - СЪЗДАВАНЕ И РЕДАКЦИЯ на ЗАПИСА
Създаване/Редакция Редакция
Дата на регистрацията/редакция 04.01.2017
Служител, извършил регистрацията/редакцията Радостина_Карадакова
944 ## - СЪЗДАВАНЕ И РЕДАКЦИЯ на ЗАПИСА
Създаване/Редакция Редакция
Дата на регистрацията/редакция 2022-07-01
Служител, извършил регистрацията/редакцията ВП
999 ## - СИСТЕМНИ КОНТРОЛНИ НОМЕРА
Koha biblioitemnumber 189828
Наличности
Код за отписване Код за изгубен артикул Източник на класификационната схема Код за повреда Коз за рестрикции Код за отдаване Артикулен № Име на библиотеката - собственик Име на библиотеката, в която се намира в момента Статус (Текущо местоположение) Дата на вписване в системата Местоположение - отдел Цена в лева Инвентарен номер Систематично азбучна сигнатура Баркод Номер на екземпляра Цена в евро Служебна бележка Служебен тип на артикула Бележка за публиката
  Не е изгубен Universal Decimal Classification Не е повреден без рестрикции ползва се в читалня 334048 Регионална библиотека "Любен Каравелов" Русе Регионална библиотека "Любен Каравелов" Русе Хранилище 1970-01-01 Хранилище 3.52 88527 Цб 57123 120000088527 1 1.80 N: стар фонд Дата: 01.01.1970 Книги  
Изтеглен Не е изгубен   Не е повреден без рестрикции заемане за дома 334049 Регионална библиотека "Любен Каравелов" Русе Регионална библиотека "Любен Каравелов" Русе   1970-01-01 Заемна - подръчен фонд 3.52 91123 П 616-053.2/Р 41 91123 2 1.80 N: стар фонд Дата: 01.01.1970 Книги Отч.N: 22/2018 , Дата: 26.03.2018
Изтеглен Не е изгубен Universal Decimal Classification Не е повреден без рестрикции заемане за дома 334050 Регионална библиотека "Любен Каравелов" Русе Регионална библиотека "Любен Каравелов" Русе Заемна - подръчен фонд 1970-01-01 Заемна - подръчен фонд 3.52 91125 П 616-053.2/Р 41 91125 3 1.80 N: стар фонд Дата: 01.01.1970 Дата инв: 16.02.2018 Бележки инв: П2018 Книги  
Vip Innovations Ltd, Rousse, Bulgaria 2025